00380 a2200121 450000100060000004000220000624000350002824500330006365000370009694200070013395201010014099900170024166194 cAnchieta - Pituba10aFestival de redação 2015l10aFestival de redação 2015 4aLínguas espanhola e portuguesa cMX 00104070a91.1b91.1d2023-11-21l0o460 FESp20975/PITr2023-11-21 18:34:27w2023-11-21yMX c66194d66194